Countries Harry Truman visited - Statistics

General Stats
  • This quiz has been taken 84 times
  • The average score is 6 of 6
Answer Stats
Continent Country % Correct
North America Canada
100%
South America Brazil
97%
North America Mexico
97%
Europe United Kingdom
96%
Europe Germany
93%
Europe Belgium
73%
No matching quizzes found
Score Distribution
Percent of People with Each Score
Percentile by Number Answered
Your Score History
You have not taken this quiz